|
|
|
|
| LEADER |
00947nam a2200253 a 4500 |
| 001 |
21801 |
| 008 |
110611r20092007maua b 001 0 eng |
| 020 |
|
|
|a 9788131505137
|
| 020 |
|
|
|a 8131505138
|
| 040 |
|
|
|a BD-DhAAL
|c BD-DhAAL
|
| 082 |
0 |
0 |
|a 511.3/5
|2 22
|
| 100 |
1 |
|
|a Sipser, Michael.
|
| 245 |
1 |
0 |
|a Theory of computation /
|c Michael Sipser.
|
| 250 |
|
|
|a Indian ed.
|
| 260 |
|
|
|a Boston :
|b Thomson Course Technology ;
|a New DelhiCengage Learning,
|c c2007 [reprinted 2009].
|
| 300 |
|
|
|a 346 p. :
|b ill. ;
|c 25 cm.
|
| 504 |
|
|
|a Includes bibliographical references (p. 333-336) and index.
|
| 541 |
|
|
|e 00021801
|
| 650 |
|
0 |
|a Machine theory.
|
| 650 |
|
0 |
|a Computational complexity.
|
| 852 |
1 |
|
|a Ayesha Abed Library
|c General Shelf.
|
| 942 |
0 |
0 |
|0 3
|
| 999 |
|
|
|c 10960
|d 10960
|
| 952 |
|
|
|0 0
|1 0
|2 ddc
|4 0
|6 511_350000000000000_SIP
|7 0
|9 17166
|a BRACUL
|b BRACUL
|c GEN
|d 2011-06-06
|e Trim Education
|l 38
|m 257
|o 511.35 SIP
|p 3010021801
|r 2025-08-13
|s 2025-06-29
|t 1
|w 2011-06-11
|y BK
|